| 000 | 00491nam a2200205Ia 4500 | ||
|---|---|---|---|
| 003 | OSt | ||
| 005 | 20231123144715.0 | ||
| 008 | 210210b1909 xxu||||| |||| 00| 0 eng d | ||
| 040 | _cAL | ||
| 041 | _aeng | ||
| 082 | _a512/11 | ||
| 100 |
_aCARSLAW (H S) _9143157 |
||
| 245 | _aPlane trigonometry | ||
| 260 |
_aLondon _bMacmillan & Co. Ltd. _c1909 |
||
| 650 |
_atrigonometry _9143158 |
||
| 650 |
_aPlane _9143159 |
||
| 690 |
_aTrigonometry _9143160 |
||
| 906 | _a007216 | ||
| 942 |
_2ddc _cBK |
||
| 999 |
_c139614 _d139614 |
||